| 000 | 00387nam a22001457a 4500 | ||
|---|---|---|---|
| 005 | 20231026100057.0 | ||
| 008 | 231026b |||||||| |||| 00| 0 eng d | ||
| 041 | _aEnglish | ||
| 082 | _a347 ARB | ||
| 100 | _lEnglish | ||
| 245 |
_aArbitration, Seminar 1996 (2) / _cpresented by C Cohen |
||
| 260 | _c1996 | ||
| 650 |
_aLegal practice _bLaw |
||
| 942 |
_cBK _6ALISON_BN_VRIES |
||
| 999 |
_c80 _d80 |
||